Normal view
MARC view
- السرحان، زايد فلاح القويماني
Entry Personal Name
001 - CONTROL NUMBER
- control field: 24045
003 - CONTROL NUMBER IDENTIFIER
- control field: JO-AjAnu
005 - DATE AND TIME OF LATEST TRANSACTION
- control field: 20230606074128.0
008 - FIXED-LENGTH DATA ELEMENTS
- fixed length control field: 230606|| aca||aabn | a|a d
040 ## - CATALOGING SOURCE
- Original cataloging agency: JO-AjAnu
- Transcribing agency: JO-AjAnu
100 ## - HEADING--PERSONAL NAME
- Personal name: السرحان، زايد فلاح القويماني
670 ## - SOURCE DATA FOUND
- Source citation: Work cat.: (JO-AjAnu)12362: السرحان، زايد فلاح القويماني, author, ديوان الهدلى: شعر نبطي